Bài giảng đánh giá, kiểm định chất lượng trong giáo dục và đào tạo
Gardado en:
| Autor Principal: | |
|---|---|
| Formato: | Libro |
| Publicado: |
Đồng Tháp
2014
|
| Những chủ đề: | |
| Các nhãn: |
Engadir etiqueta
Sen Etiquetas, Sexa o primeiro en etiquetar este rexistro!
|
| Thư viện lưu trữ: | Trung tâm Học liệu Lê Vũ Hùng, Trường Đại học Đồng Tháp |
|---|
| LEADER | 00780pam a22002418a 4500 | ||
|---|---|---|---|
| 001 | 00039650 | ||
| 005 | 20171026081025.0 | ||
| 008 | 170520s2014 ||||||Viesd | ||
| 041 | 0 | # | |a Vie |
| 082 | 1 | 4 | |a 371.26 |b B103GI |
| 100 | 1 | # | |a Huỳnh, Cẩm Thanh |
| 245 | 1 | 0 | |a Bài giảng đánh giá, kiểm định chất lượng trong giáo dục và đào tạo |c Huỳnh Cẩm Thanh |
| 260 | # | # | |a Đồng Tháp |c 2014 |
| 300 | # | # | |a 28tr. |c 27 cm |
| 653 | # | # | |a Bài giảng |
| 653 | # | # | |a đánh giá, kiểm định |
| 653 | # | # | |a đánh giá |
| 653 | # | # | |a đào tạo |
| 852 | # | # | |j KD.0020938 |
| 852 | # | # | |b Kho đọc |j KD.0020938 |
| 910 | |d 20/05/2017 | ||
| 980 | # | # | |a Trung tâm Học liệu Lê Vũ Hùng, Trường Đại học Đồng Tháp |